00456nam a22001212 450000100100000000500170001000800410002704000250006810000550009324501170014826000590026530000100032400000117120200929145508.0910619s1949 cu 000 0 spa  aDO-SdBNPbspacBNPHU2 aPiedra-Bueno, Andres de,d1903- [from old catalog]03aLa poesia, umbral y dosel de la historia; :btrabajo leido en recepcion publica, el dia 22 de diciembre de 1949. aLa Habana, :bImpr. "El Siglo XX," Muniz Hnos.,c1949. a37 p.